000 00332nam a2200109 4500
008 160623b xxu||||| |||| 00| 0 eng d
100 _9724
_a Archibald, G.C
245 _aA Mathematical Treatment of Economics
260 _aD
_b All India Traveller Book Seller
_c1987
300 _aA Mathematical Treatment of Economics
942 _2ddc
_cBK
999 _c587
_d587